MLB random questions - Statistics

General Stats
  • This quiz has been taken 31 times
  • The average score is 8 of 15
Answer Stats
Question Answer % Correct
Which of the following players is Canadian Freddie Freeman
88%
Who was the runner up in the 2015 world series New York Mets
88%
Who is the only player to hit a ball outside of Dodger Stadium in recorded history Giancarlo Stanton
75%
Which player has played for Atlanta, New York Yankees, Toronto, Minnesota, Cleveland, and Oakland Josh Donaldson
75%
Who has the most strikeouts in history Nolan Ryan
75%
Where was Vladimir Guerrero Jr born Montreal
63%
Which state produces the most MLB players California
50%
Who plays at Guarantee Rate Field Chicago White Sox
50%
Who has most RBIS in history Hank Aaron
50%
How far in left is the green monster 310
38%
Where did Aaron Judge hit his record breaking homerun Texas
38%
Sine 2017, how many times has the Houston Astros made it to the world series 4
25%
Where was the 2020 World series Held Texas
25%
Who did the Boston Red Sox play in the historic game that happened after the Boston bombing Kansas City Royals
13%
What is the youngest age of a player that made his debut 15
0%
No matching quizzes found
Score Distribution
Percent of People with Each Score
Percentile by Number Answered
Your Score History
You have not taken this quiz